Princess Bride Characters - Sudden death - Statistics

General Stats
  • This quiz has been taken 94 times
  • The average score is 14 of 20
Answers on the Grid
Answers color-coded by a green-red scale on the quiz's grid according to % correct below.
Ambrosius
André Roussimoff
Buttercup
Captain Navarre
Count Rugen
Daffodil
Didymus
Dread Pirate Roberts
Fezzik
Inigo Montoya
Long John Silver
Lord Asriel
Magic Mike
Miracle Max
Prince Humperdinck
Prince Septimus
Rodent Of Unusual Size
S. Morgenstern
Sir Bedivere
The Albino
The Ancient Booer
The Black knight
The Granddaughter
The Grandfather
The Grandmother
The Grandson
The Impressive Clergyman
The King
The Queen
Valerie
Vermin Of Large Stature
Vizzini
Westley
Yellin
Yvaine
 
Answer Stats
Answer % Correct
Buttercup
98%
Inigo Montoya
94%
Dread Pirate Roberts
89%
Fezzik
89%
Prince Humperdinck
87%
Rodent Of Unusual Size
81%
Westley
81%
Miracle Max
79%
Vizzini
74%
The Grandfather
72%
The King
66%
The Albino
62%
The Queen
58%
The six-fingered man Count Rugen
57%
The Ancient Booer
57%
The Grandson
57%
"Mawage is what bwings us togethah today" The Impressive Clergyman
49%
Valerie
40%
Fictional Author of the The Princess Bride Book S. Morgenstern
36%
"Oh, you mean *this* gate key" Yellin
30%
No matching quizzes found
Score Distribution
Percent of People with Each Score
Percentile by Number Answered
Your Score History
You have not taken this quiz